Who's who among human services professionals.

Bibliographic Details
Corporate Author: National Reference Institute (U.S.)
Format: Serial
Language:English
Published: Owings Mills, Md. : National Reference Institute, [1986-]
Subjects:
Online Availability: Check for online availability

MARC

Tag First Indicator Second Indicator Subfields
LEADER 00000cas a2200000 a 4500
001 in00000009193
005 20151007051508.0
008 841009c19869999mdugr1 h 0uuua0eng d
010 |z  87641191 sn84-2256  
022 0 |a 8755-1012 
035 |a (OCoLC)11243347 
035 |9 AAA3269AM 
040 |a NSD  |c NSD  |d DLC  |d m/c  |d IUL  |d NST  |d TXA  |d UtOrBLW 
042 |a nsdp  |a lc 
043 |a n-us--- 
049 |a TXAE [Latest] [ed:Ref] 
050 0 0 |a HV40.3  |b .W48 
210 0 |a Who's who among human serv. prof. 
222 0 |a Who's who among human services professionals 
245 0 0 |a Who's who among human services professionals. 
264 1 |a Owings Mills, Md. :  |b National Reference Institute,  |c [1986-] 
264 4 |c ©1986- 
300 |a volumes ;  |c 29 cm. 
310 |a Biennial 
336 |a text  |b txt  |2 rdacontent 
337 |a unmediated  |b n  |2 rdamedia 
338 |a volume  |b nc  |2 rdacarrier 
362 0 |a 1986/1987- 
515 |a 1986/1987 also called inaugural edition. 
650 0 |a Social workers  |z United States  |v Biography  |x Dictionaries  |x Periodicals. 
710 2 |a National Reference Institute (U.S.) 
999 |a MARS 
999 f f |s ac833337-7b01-36b3-9271-6f09dfc15db9  |i 8f67d880-0345-3339-ac64-eb60f925e10a  |t 0 
952 f f |p ric  |a Texas A&M University  |b Rellis Campus  |c Joint Library Facility  |d Remote Storage  |t 0  |e HV40.3 .W48  |h Library of Congress classification  |i unmediated -- volume  |l 1986/1987  |m A14811326288 
998 f f |a HV40.3 .W48  |s 1986/1987  |t 0  |l Remote Storage